Thomas Merton on the Psalms /

Gorde:
Xehetasun bibliografikoak
Egile nagusia: Merton, Thomas (autor)
Formatua: Liburua
Hizkuntza:ingelesa
Argitaratua: Londres, Inglaterra : Sheldon Press, 1979, c1977
Etiketak: Etiketa erantsi
Etiketarik gabe, Izan zaitez lehena erregistro honi etiketa jartzen!

MARC

LEADER 00000nam^a2200000^a^4500
001 000578395
005 20250521000000.0
009 20260310132508.194
020 |a 0-85969-128-4 
037 |a Acervo Xavier Clavigero 
041 |a ING 
091 |a FIP. 01174 
100 |a Merton, Thomas  |e (autor) 
245 1 0 |a Thomas Merton on the Psalms / 
264 4 |a Londres, Inglaterra :  |b Sheldon Press,  |c 1979, c1977 
300 |a 32 p. 
336 |a texto  |b txt  |2 rdacontenido 
337 |a sin mediación  |b n  |2 rdamedio 
338 |a volumen  |b nc  |2 rdasoporte 
649 |a XX 
910 |a Fondo Manuel Ignacio Pérez Alonso S.J. 
920 |a Impresos - Libros 
930 |a Fondos Especiales 
905 |a 140 
901 |a 0500404311  |b IT2  |c ESP  |i D  |u 20250521 
902 |a https://opac.biblio.iteso.mx/vufind/Record/000578395